| Record ID | harvard_bibliographic_metadata/ab.bib.02.20150123.full.mrc:616507250:698 |
| Source | Harvard University |
| Download Link | /show-records/harvard_bibliographic_metadata/ab.bib.02.20150123.full.mrc:616507250:698?format=raw |
LEADER: 00698nam a2200217 a 4500
001 002666373-2
005 20020606093309.7
008 830920s1851 ctuaf a 00010 eng
010 $a 83203456
035 0 $aocn191228743
035 0 $aocm21082314
040 $aDLC$cDLC$dCRL$dMH-FA
043 $ae-it---
100 10 $aRuskin, John,$d1819-1900.
245 14 $aThe stones of Venice :$bthe foundations /$cby John Ruskin ; with illustrations drawn by the author.
260 0 $aNew York :$bJ. Wiley,$c1851.
300 $axv, 435 p., 21 leaves of plates :$bill. ;$c25 cm.
650 0 $aArchitecture$zItaly$zVenice.
651 0 $aVenice (Italy)$xBuildings, structures, etc.
988 $a20020608
906 $0DLC